000 00407nam a2200157Ia 4500
003 0STCL
008 150530s9999 xx 000 0 und d
040 _aSTCL
_cSTCL
100 _aUniversity of Madras
245 _aHistory of Higher Education in South India.1857-1957 Vol I
260 _bUniversity of Madras
_c1957
546 _aEnglish
942 _2ddc
_cBK
999 _c15121
_d15121
005 20220125165724.0